| 000 | 00843nas a2200265 4500 | ||
|---|---|---|---|
| 001 | BR2018000306 | ||
| 003 | BR-BrBNA | ||
| 005 | 20231205131230.0 | ||
| 007 | ta | ||
| 008 | 230509b bl.|||p| |||| 00| 00por d | ||
| 040 |
_aBR-BrBNA _bpor _cBiblioteca Nacional de Agricultura |
||
| 041 | _a(Pt) | ||
| 072 | _aF40 | ||
| 100 | 1 | _aAraujo, A.C.M. | |
| 100 | 1 | _aSilva, A.N.F. da | |
| 100 | 1 | _aAlmeida Junior, E.B. de | |
| 245 | 1 | _aCaracterização estrutural e status de conservação do estrato herbáceo de dunas da praia de São Marcos, Maranhão, Brasil | |
| 650 | _aEXTRATO VEGETAL | ||
| 650 | _aRESTINGA | ||
| 650 | _aVEGETAÇÃO | ||
| 650 | _aMARANHÃO | ||
| 773 | 0 |
_tActa Amazônica (Brazil) _xISSN 0044-5967 _g(Sep 2016), v. 46(3) p. 247-258 _wBR2018000306 |
|
| 909 |
_a202311 _bLúcia _c55 _dLúcia Elande |
||
| 942 |
_2AGRIS _n0 _cANA |
||
| 999 |
_c253696 _d253696 |
||